Logo BPK

Biblioteka

Politechniki Koszalińskiej

Kwiaty Japonii i sztuka kompozycji kwiatowych / (Rekord nr 56036)

Szczegóły MARC
000 -ETYKIETA REKORDU
podpole kontrolne o stałej długości 00963nam a2200253 i 4500
001 - NUMER KONTROLNY REKORDU
pole kontrolne bg
020 ## - MIĘDZYNARODOWY ZNORMALIZOWANY NUMER KSIĄŻKI - ISBN
ISBN 9788324206452
040 ## - ŹRÓDŁO KATALOGOWANIA
Instytucja, która utworzyła rekord BPK
041 1# - KOD JĘZYKA
Kod języka tekstu pol
Kod języka oryginału eng
044 ## - KOD KRAJU WYDAWCY/PRODUCENTA
Kod kraju wydawcy/producenta POL
080 ## - UNIWERSALNA KLASYFIKACJA DZIESIĘTNA - UKD
UKD 745.9(520)
920 ## - Międzynarodowy znormalizowany numer książki – ISBN
ISBN 978-83-242-0645-2
008 - POLE O STAŁEJ DŁUGOŚCI - DANE KONTROLNE
podpole kontrolne o stałej długości s pl f |000 0 pol
100 1# - NAZWA OSOBOWA
Nazwa osobowa Conder, Josiah
Daty związane z nazwą (1852-1920).
245 10 - TYTUŁ/ODPOWIEDZIALNOŚĆ
Tytuł Kwiaty Japonii i sztuka kompozycji kwiatowych /
Pozostałe elementy strefy tytułu i oznaczenia odpowiedzialności Josiah Conder ; przekł. Ireneusz Kania ; rekomendacja Hieronim St. Kreis.
246 10 - WARIANT TYTUŁU
Treść wyrażenia wprowadzającego Tyt. oryg. :
Tytuł Flowers of Japan and the art of floral arrangement
260 ## - STREFA ADRESU WYDAWNICZEGO
Miejsce wydania Kraków :
Nazwa wydawcy/dystrybutora Towarzystwo Autorów i Wydawców Prac Naukowych "Universitas",
Data publikacji, dystrybucji/powstania dokumentu cop. 2007.
300 ## - STREFA OPISU FIZYCZNEGO
Objętość 174, [2] s., LIV k. tabl. :
Inne cechy fizyczne il. (w tym kolor.) ;
Rozmiary 35 cm.
500 ## - UWAGI OGÓLNE
Tekst uwagi Tyt. oryg.: "Flowers of Japan and the art of floral arrangement" 1891.
650 #9 - HASŁO PRZEDMIOTOWE W FORMIE NAZWY OGÓLNEJ LUB JEDNOSTKOWEJ
Nazwa ogólna lub geograficzna Ikebana
700 1# - HASŁO DODATKOWE - NAZWA OSOBOWA
Nazwa osobowa Kania, Ireneusz
Daty związane z nazwą (1940- ).
Określenie związku między hasłem a opisywanym materiałem Tł.
700 1# - HASŁO DODATKOWE - NAZWA OSOBOWA
Nazwa osobowa Kreis, Hieronim Stanisław
Daty związane z nazwą (1954- ).
Określenie związku między hasłem a opisywanym materiałem Koment.
856 ## - LOKALIZACJA I DOSTĘP DO ELEKTRONICZNYCH DOKUMENTÓW ZDALNYCH
Link (URL) http://koha.tu.koszalin.pl/cgi-bin/koha/opac-detail.pl?biblionumber=56036
Tekst linku Katalog online BPK
942 ## - DODATKOWE ELEMENTY (KOHA)
Typ dokumentu Książka
Egzemplarze
Wycofany Status egzemplarza Uszkodzony Dostępność Lokalizacja stała Lokalizacja bieżąca Miejsce przechowywania Sygnatura Kod kreskowy Dział Typ dokumentu
      Tylko na miejscu Czytelnia Wydziału Elektroniki i Informatyki, Wydziału Architektury i Wzornictwa, Wydziału Inżynierii Mechanicznej i Energetyki oraz Wydziału Inżynierii Lądowej, Środowiska i Geodezji Czytelnia Wydziału Elektroniki i Informatyki, Wydziału Architektury i Wzornictwa, Wydziału Inżynierii Mechanicznej i Energetyki oraz Wydziału Inżynierii Lądowej, Środowiska i Geodezji Czytelnia Wydziałowa ul. Śniadeckich 2 90237 02460079 745/749 Rzemiosło artystyczne. Sztuka użytkowa Książka
© 2023 Biblioteka Politechniki Koszalińskiej :: KOHA